000 00781cam a22002174a 4500
001 15112492
005 20250625175428.0
008 071213s2008 caua b 000 0 eng
020 _a9781847870575
020 _a1847870570
050 0 0 _aHD2746.5
_b.M454 2008
082 0 4 _a658.162
_222
245 0 0 _aMergers and acquisitions /
_cedited by Jeffrey A. Krug.
260 _aLos Angeles :
_bSAGE,
_c2008.
300 _a3 v. :
_bill. ;
_c25 cm.
650 0 _aConsolidation and merger of corporations.
700 1 _aKrug, Jeffrey A.
_q(Jeffrey Alan),
_d1959-
856 4 2 _3Publisher description
_uhttp://www.loc.gov/catdir/enhancements/fy0905/2007943245-d.html
856 4 1 _3Table of contents only
_uhttp://www.loc.gov/catdir/enhancements/fy0905/2007943245-t.html
942 _2lcc
_cBK
_n0
999 _c6688
_d6688